Santa Fe 2917, Rosario, Santa Fe
Lu-Vi 8 a 19.45
+54-341-4232362
bibliotecaeudoro@gmail.com
Facebook Biblioteca Pedagógica
Sitio web

Quina en busca del sana sana / (Registro nro. 32910)

Detalles MARC
000 -CABECERA
campo fijo de control de longitud 00767nam a2200241 4500
001 - NÚMERO DE CONTROL
campo de control 32910
003 - IDENTIFICADOR DEL NÚMERO DE CONTROL
campo de control AR-RoBPED
005 - FECHA Y HORADE LA ULTIMA TRANSACCION
campo de control 20260626091950.0
008 - ELEMENTOS DE LONGITUD FIJA--INFORMACION GENERAL
campo fijo de control de longitud 260625s2025 ag a|||br|||| 00| 1 spa d
020 ## - ISBN
ISBN 9786310109541
040 ## - FUENTE CATALOGADORA
Centro catalogador/agencia de origen AR-RoBPED
041 ## - IDIOMA
Código de idioma para texto/pista de sonido o título independiente spa
100 1# - ENCABEZAMIENTO PRINCIPAL--AUTOR PERSONAL
Nombre de persona Conti, Diana Rosa
9 (RLIN) 29795
245 1# - TITULO
Título Quina en busca del sana sana /
Mención de responsabilidad Diana Conti ; ilustraciones de Leonardo García.
260 ## - PUBLICACION
Lugar Rosario:
Editor Diana Rosa Conti,
Fecha 2025.
300 ## - DESCRIPCION FISICA
Extensión s. p.
Otros detalles físicos ilust.
650 #4 - TERMINO DE MATERIA--CONTROLADO
Término controlado LITERATURA ARGENTINA
9 (RLIN) 15616
Término controlado LITERATURA INFANTIL
9 (RLIN) 168
655 #7 - Género/Forma
Término de género/forma Cuento
Fuente del encabezamiento o término lcgft
9 (RLIN) 30943
700 1# - ENCABEZAMIENTO SECUNDARIO--AUTOR PERSONAL
Nombre de persona García, Leonardo
9 (RLIN) 30198
Función ilust.
942 ## - ELEMENTOS KOHA
Fuente de clasificación Universal Decimal Classification
Número Koha k. 32910
Koha tipo de ítem Libro
Clasificación 860(82)-3
Signatura librística C 74 qu
N° inventario inv. 42557
Pre signatura I
Existencias
Estado retirado Estado perdido Fuente de clasificación Estado dañado No se presta Biblioteca propietaria Biblioteca de reserva Fecha de adquisición Procedencia Total de préstamos Signatura topográfica completa Código de barras (nº de inventario) Fecha visto por última vez Catalogador y fecha Tipo de ítem Koha Nota pública
    Universal Decimal Classification     Biblioteca Pedagógica Eudoro Díaz Biblioteca Pedagógica Eudoro Díaz 25/06/2026 Donación   I 860(82)-3 C 74qu 42557 25/06/2026 mm 25/06/2026 Libro Se presta 15 dias.